000 00394nam a2200145 i 4500
001 bg
100 1 _aBOLOTIN, V. V.
245 0 _aPrimenenie metodov teorii verojatnostej i teorii nadeżnosti v rascetach soorużenij /
_cN.N. Bolotin.
260 _aMoskva,
_c1971.
040 _cBPK
041 _apol
080 _a624.041.6:519.2
942 _cKS
008 s pl f |000 0 pol
999 _c13770
_d13770
856 _uhttp://koha.tu.koszalin.pl/cgi-bin/koha/opac-detail.pl?biblionumber=13770
_yKatalog online BPK